Online
Catalog

Un rollo de papel higiénico marca elefante / (Record no. 24098)

MARC details
000 -CABECERA
campo de control de longitud fija 00686nam a2200217 a 4500
001 - NÚMERO DE CONTROL
campo de control 000024605
005 - FECHA Y HORA DE LA ÚLTIMA TRANSACCIÓN
campo de control 20200930023249.0
008 - DATOS DE LONGITUD FIJA--INFORMACIÓN GENERAL
campo de control de longitud fija 110201s1991 sp r 000 d spa d
020 ## - NÚMERO INTERNACIONAL ESTÁNDAR DEL LIBRO
Número Internacional Estándar del Libro 847671212X
040 ## - FUENTE DE LA CATALOGACIÓN
Centro catalogador/agencia de origen DO-SdBNP
Lengua de catalogación spa
Centro/agencia transcriptor BNPHU
082 ## - NÚMERO DE LA CLASIFICACIÓN DECIMAL DEWEY
Número de clasificación 862.64
Número de documento/Ítem M385r
049 ## - FONDOS LOCALES (OCLC)
Fondos de biblioteca BNGR
100 1# - ENTRADA PRINCIPAL--NOMBRE DE PERSONA
Nombre de persona Martínez Mediero, Manuel,
Fechas asociadas al nombre 1939-
9 (RLIN) 24414
245 10 - MENCIÓN DE TÍTULO
Título Un rollo de papel higiénico marca elefante /
Mención de responsabilidad, etc. Manuel Martínez Mediero.
260 ## - PUBLICACIÓN, DISTRIBUCIÓN, ETC.
Lugar de publicación, distribución, etc. Mérida, (España) :
Nombre del editor, distribuidor, etc. Editora Regional de Extremadura,
Fecha de publicación, distribución, etc. 1991.
300 ## - DESCRIPCIÓN FÍSICA
Extensión 67, [1] p. ;
Dimensiones 15 cm.
490 1# - MENCIÓN DE SERIE
Mención de serie La centena
Designación de volumen o secuencia 39
650 #4 - PUNTO DE ACCESO ADICIONAL DE MATERIA--TÉRMINO DE MATERIA
Término de materia o nombre geográfico como elemento de entrada Teatro español
9 (RLIN) 3071
650 #4 - PUNTO DE ACCESO ADICIONAL DE MATERIA--TÉRMINO DE MATERIA
Término de materia o nombre geográfico como elemento de entrada Literatura española
9 (RLIN) 632
830 #0 - PUNTO DE ACCESO ADICIONAL DE SERIE-TÍTULO UNIFORME
Título uniforme La centena ;
Designación de volumen o secuencia 39
9 (RLIN) 50453
Holdings
Estado de retiro Estado de pérdida Restricciones de uso No para préstamo Código de colección Localización permanente Ubicación/localización actual Ubicación en estantería Fecha de adquisición Número de inventario Total de préstamos Signatura topográfica completa Código de barras Fecha visto por última vez Precio válido a partir de Tipo de ítem Koha
        Monografías: Libros y Folletos General General En catalogación 01.02.2011 LF1   862.64 M385r 24605-10 25.06.2020 25.06.2020 Préstamo en sala

Powered by Koha